| 000 | 00928nam a2200193 i 4500 | ||
|---|---|---|---|
| 001 | 164527 | ||
| 003 | ES-MaACL | ||
| 005 | 20250809035829.0 | ||
| 008 | 050805s1877 sp |||| | spa d | ||
| 100 | 1 |
_aSan Millán y Alonso, José de. _9132381 |
|
| 245 | 1 | 0 | _aDiscurso leído por José de San Millán y Alonso al verificar sus ejercicios del grado de Doctor en la misma facultad en la Universidad Central. |
| 260 |
_aMadrid : _b[s.n.], _c1877 ( _fImp. del Hospicio) |
||
| 300 |
_a65 p. ; _c24 cm. |
||
| 500 | _aTema del discurso: Exposición y juicio crítico de los principales sistemas carcelarios, derecho vigente en España. | ||
| 650 |
_aDerecho penitenciario- _zEspaña. _9176229 |
||
| 650 | 7 |
_aDerecho penitenciario _2embne _9188563 |
|
| 852 |
_aES-MaACL _jD-134(9) _z- Enc. pasta española _z. - Donativo Lastres _z. - Dedic. ms. del autor a Francisco Lastres _z- Enc. en un vol. facticio |
||
| 999 |
_c164527 _d164527 |
||